| 000 | 01334cam a2200289 i 4500 | ||
|---|---|---|---|
| 003 | SA-RiAUC | ||
| 005 | 20250706123131.0 | ||
| 008 | 250702s1994 sy g 00000bara c | ||
| 040 |
_aSA-RiAUC _bara _cSA-RiAUC _erda |
||
| 082 | 0 | 4 | _a242 |
| 090 |
_a242 _bي و س |
||
| 100 | 1 |
_aيوسف، محمد خير رمضان، _d1956- _eمؤلف. |
|
| 245 | 1 | 2 |
_aالخضر بين الواقع والتهويل : _bدراسة تحليلية مقارنة على ضوء القرآن والسنة والتاريخ / _cمحمد خير رمضان يوسف. |
| 250 | _aالطبعة الثانية، مزيدة ومنقحة ومعدلة. | ||
| 264 | 1 |
_aدمشق : _aبيروت : _bدار القلم للطباعة والنشر والتوزيع ؛ _bالدار الشامية للطباعة والنشر والتوزيع، _c1994 |
|
| 300 |
_a258 صفحة ؛ _c24 سم. |
||
| 336 |
_aنص _btxt _2rdacontent _3كتاب |
||
| 337 |
_aبدون وسيط _bn _2rdamedia |
||
| 338 |
_aمجلد _bnc _2rdacarrier |
||
| 440 | 0 |
_aسلسلة أعلام القصص القرآني _v1 |
|
| 500 | _aكشافات : صفحة 219-248. | ||
| 504 | _aببليوجرافية : صفحة 249-254. | ||
| 600 | 0 | 7 |
_aالخضر (عليه السلام) _2aucnm |
| 650 | 7 |
_aالأنبياء _2aucsh |
|
| 942 |
_2ddc _cBOOK _n0 |
||
| 949 |
_aSA-JeALM _d250702 _umohamedma123 _n1 |
||
| 999 |
_c9543 _d9543 |
||